Southville International School and Colleges
Your cart is empty.
  • Cart
  • Lists
    Public lists Eva Luna New books Lux_list list_1
    Your lists Log in to create your own lists
  • Log in to your account
  • Your cookies
  • Search history
Southville International School and Colleges
  • Advanced search
  • Recent comments
  • Most popular
  • Libraries

Log in to your account

Log in with GOOGLE


If you do not have an external account, but do have a local account, you can still log in:

  1. Home
  2. MARC view: Object-Oriented programming with C++ /
Normal view MARC view ISBD view

Object-Oriented programming with C++ / (Record no. 48542)

[ view plain ]
MARC details
000 -LEADER
fixed length control field 00698nam a2200205Ia 4500
008 - FIXED-LENGTH DATA ELEMENTS--GENERAL INFORMATION
fixed length control field 140321s9999 xx 000 0 und d
020 ## - INTERNATIONAL STANDARD BOOK NUMBER
International Standard Book Number 9788120344624
050 ## - LIBRARY OF CONGRESS CALL NUMBER
Classification number QA 76.64
Item number .Ob3p 2012
100 ## - MAIN ENTRY--PERSONAL NAME
Personal name Somashekara, M.T.
245 ## - TITLE STATEMENT
Title Object-Oriented programming with C++ /
Statement of responsibility, etc M.T. Somashekara, D.S. Guru, H.S. Nagenraswamy, [et.al]�
250 ## - EDITION STATEMENT
Edition statement 2nd ed.
260 ## - PUBLICATION, DISTRIBUTION, ETC. (IMPRINT)
Place of publication, distribution, etc New Delhi :
Name of publisher, distributor, etc PHI Learning Private Limited,
Date of publication, distribution, etc c2012.
300 ## - PHYSICAL DESCRIPTION
Extent 648 p. :
Other physical details ill. ;
Dimensions 24 cm.
500 ## - GENERAL NOTE
General note Includes bibliographical references and index.
521 ## - TARGET AUDIENCE NOTE
Target audience note
650 ## - SUBJECT ADDED ENTRY--TOPICAL TERM
Topical term or geographic name as entry element C++ (Computer program language).
650 ## - SUBJECT ADDED ENTRY--TOPICAL TERM
Topical term or geographic name as entry element Object-oriented programming (Computer science).
942 ## - ADDED ENTRY ELEMENTS (KOHA)
Call number prefix Foreign
Koha item type Books
Holdings
Withdrawn status Lost status Source of classification or shelving scheme Damaged status Home library Current library Shelving location Date acquired Source of acquisition Total Checkouts Total Renewals Full call number Barcode Date last seen Date checked out Price effective from Koha item type
    Library of Congress Classification   College Library College Library Graduate Section 03/21/2014 Donation 1   QA 76.64 .Ob3p 2012 C17825 05/15/2018 08/28/2014 03/21/2014 Books

Object-Oriented programming with C++ /

APA

Somashekara M., . (2012). Object-Oriented programming with C++. New Delhi: PHI Learning Private Limited.

Chicago

Somashekara M.T, . 2012. Object-Oriented programming with C++. New Delhi: PHI Learning Private Limited.

Harvard

Somashekara M., . (2012). Object-Oriented programming with C++. New Delhi: PHI Learning Private Limited.

MLA

Somashekara M.T, . Object-Oriented programming with C++. New Delhi: PHI Learning Private Limited. 2012.

  • Place hold
  • Print
  • Cite
  • Add to your cart (remove)
  • Save record
    BIBTEX Dublin Core MARCXML MARC (non-Unicode/MARC-8) MARC (Unicode/UTF-8) MARC (Unicode/UTF-8, Standard) MODS (XML) RIS
  • More searches
    Search for this title in:
    Other Libraries (WorldCat) Other Databases (Google Scholar) Online Stores (Bookfinder.com) Open Library (openlibrary.org)

Exporting to Dublin Core...

SOUTHVILLE LIBRARY

Southville International School and Colleges Library

1281 Tropical Ave. Cor. Luxembourg St., BF Homes International, Las Pinas City

Tel. No. 8256374 / 252358 Loc. 117/146

Powered by Koha